Normal view
MARC view
Entry Personal Name
001 - CONTROL NUMBER
- control field: 9570
003 - CONTROL NUMBER IDENTIFIER
- control field: dpl
005 - DATE AND TIME OF LATEST TRANSACTION
- control field: 20100809160333.0
008 - FIXED-LENGTH DATA ELEMENTS
- fixed length control field: 100809|||a|||||| | ||| d
040 ## - CATALOGING SOURCE
- Original cataloging agency: dpl
- Transcribing agency: dpl
100 ## - HEADING--PERSONAL NAME
- Personal name: Malhotra, Stalin
670 ## - SOURCE DATA FOUND
- Source citation: Work cat.: (dpl): Malhotra, Stalin, Target 2011 a complete refresher :, 2010
670 ## - SOURCE DATA FOUND
- Source citation: Work cat.: (dpl): Malhotra, Stalin, Target 2011 a complete refresher :, 2010
